The economy and human resources / (Record no. 123498)

MARC details
000 -LEADER
fixed length control field 00729nam a22002417a 4500
005 - DATE AND TIME OF LATEST TRANSACTION
control field 20170124105926.0
010 ## - LIBRARY OF CONGRESS CONTROL NUMBER
LC control number 916811
020 ## - INTERNATIONAL STANDARD BOOK NUMBER
Terms of availability 70.00
035 #h - SYSTEM CONTROL NUMBER
System control number 916811
037 ## - SOURCE OF ACQUISITION
Source of stock number/acquisition Cen Lib/Ret
040 ## - CATALOGING SOURCE
Original cataloging agency DPL
Language of cataloging EN
082 ## - DEWEY DECIMAL CLASSIFICATION NUMBER
Classification number 331.11
Item number BAT
100 ## - MAIN ENTRY--PERSONAL NAME
Personal name Batra, V. P.
9 (RLIN) 71986
245 ## - TITLE STATEMENT
Title The economy and human resources /
Statement of responsibility, etc by V. P. Batra
246 ## - VARYING FORM OF TITLE
Remainder of title
260 ## - PUBLICATION, DISTRIBUTION, ETC. (IMPRINT)
Name of publisher, distributor, etc B.R. Publishing Corporation
Date of publication, distribution, etc 1978
Place of publication, distribution, etc New Delhi
270 ## - ADDRESS
City New Delhi
Address 461, Vivekanand Nagar
Postal code 110005
300 ## - PHYSICAL DESCRIPTION
Extent xv, 216p. :
Dimensions 21cm(Hb)
Other physical details ill.
500 ## - GENERAL NOTE
General note Includes bibliographical references and index
650 ## - SUBJECT ADDED ENTRY--TOPICAL TERM
Topical term or geographic name as entry element Manpower
Geographic subdivision India
9 (RLIN) 71987
650 ## - SUBJECT ADDED ENTRY--TOPICAL TERM
Topical term or geographic name as entry element Economic policy
Geographic subdivision India
9 (RLIN) 71988
942 ## - ADDED ENTRY ELEMENTS (KOHA)
Source of classification or shelving scheme Dewey Decimal Classification
Koha item type English Books
Classification part 331.11
Call number suffix BAT
Holdings
Withdrawn status Lost status Damaged status Not for loan Home library Current library Date acquired Source of acquisition Cost, normal purchase price Total Checkouts Full call number Barcode Date last seen Copy number Cost, replacement price Price effective from Koha item type Public note Source of classification or shelving scheme
Written off       Central Library Central Library 08/06/2015 Cen Lib/Ret 70.00   331.11 BAT 916811 08/06/2015 1 70.00 08/06/2015 English Books Written off on approval by DLB (By Circulation); dtd 15-06-2023  
Written off       Central Library Central Library 05/11/2016   70.00   331.11 BAT 891061 05/11/2016 2 70.00 05/11/2016 English Books Written off on approval by DLB (By Circulation); dtd 15-06-2023 Dewey Decimal Classification

© Delhi Public Library
Hit Counter
free hit counter